How to establish a unique brand in the consulting profession (Record no. 103674)

MARC details
000 -LEADER
fixed length control field 00922cam a2200265 4500
001 - CONTROL NUMBER
control field L12687
008 - FIXED-LENGTH DATA ELEMENTS--GENERAL INFORMATION
fixed length control field 040721n2002 000 0 eng u
020 ## - INTERNATIONAL STANDARD BOOK NUMBER
International Standard Book Number 0787955132
035 ## - SYSTEM CONTROL NUMBER
System control number (Sirsi) u126872
041 ## - LANGUAGE CODE
Language code of text/sound track or separate title eng
050 ## - LIBRARY OF CONGRESS CALL NUMBER
Classification number 658.80969
-- 18
100 ## - MAIN ENTRY--PERSONAL NAME
Personal name Weiss, Alan
245 ## - TITLE STATEMENT
Title How to establish a unique brand in the consulting profession
Remainder of title powerful techniques for the successful practitioner
260 ## - PUBLICATION, DISTRIBUTION, ETC.
Place of publication, distribution, etc. San Francisco
Name of publisher, distributor, etc. Jossey Bass
Date of publication, distribution, etc. 2002
300 ## - PHYSICAL DESCRIPTION
Extent xiii, 210p.
Dimensions 24cm
350 ## - PRICE (NR) (BK AM CF MU VM SE) [OBSOLETE]
Price 22.52
520 ## - SUMMARY, ETC.
Summary, etc. Aims to help you develop the skills you need to achieve valuable brand recognition quickly and effectively. The book also offers a glimpse into the important trends that are shaping the future of branding.
590 ## - LOCAL NOTE (RLIN)
Local note NB
590 ## - LOCAL NOTE (RLIN)
Local note NB
650 ## - SUBJECT ADDED ENTRY--TOPICAL TERM
Topical term or geographic name entry element BRANDING
650 ## - SUBJECT ADDED ENTRY--TOPICAL TERM
Topical term or geographic name entry element Management consultancy
9 (RLIN) 6255
650 ## - SUBJECT ADDED ENTRY--TOPICAL TERM
Topical term or geographic name entry element MARKETING
690 ## - LOCAL SUBJECT ADDED ENTRY--TOPICAL TERM (OCLC, RLIN)
Topical term or geographic name as entry element MANAGEMENT-BUSINESS MANAGEMENT
942 ## - ADDED ENTRY ELEMENTS (KOHA)
Suppress in OPAC 0
Holdings
Withdrawn status Lost status Source of classification or shelving scheme Damaged status Not for loan Home library Current library Shelving location Date acquired Cost, normal purchase price Total Checkouts Full call number Barcode Date last seen Copy number Cost, replacement price Price effective from Koha item type
    Dewey Decimal Classification     London London Books 17/06/2005 18.55   658.80969 WEI 30070580 06/08/2019 1 18.55 06/08/2019 Book